| 000 | 01479nam a2200421Ii 4500 | ||
|---|---|---|---|
| 001 | DIGEDIUOC053 | ||
| 003 | NyNyDIG | ||
| 006 | m o d | ||
| 007 | cr ||||||||||| | ||
| 008 | 131201s2010 sp ob 000 0 spa d | ||
| 020 |
_a9788490290743 _q(eBook) |
||
| 020 | _z8497880285 | ||
| 020 | _z9788497880282 | ||
| 035 | _a(OCoLC)823666974 | ||
| 040 |
_aDGITA _beng _epn _cDGITA |
||
| 050 | 1 | 4 | _aG155.A1 eBook |
| 245 | 0 | 0 |
_aGestión pública del turismo / _cOriol Miralbell Izard (coordinador), Ramon Arcarons i Simón ... [et al.]. |
| 250 | _a1. ed. en lengua castellana | ||
| 264 | 1 |
_aBarcelona : _bEditorial UOC, _c2010. |
|
| 300 |
_a1 online resource (326 pages) : _bill. |
||
| 336 |
_atext _btxt _2rdacontent |
||
| 337 |
_acomputer _bc _2rdamedia |
||
| 338 |
_aonline resource _bcr _2rdacarrier |
||
| 490 | 1 |
_aManuales ; _v159. _aTurismo. |
|
| 504 | _aIncludes bibliographical references (p.319-326). | ||
| 650 | 0 |
_aTourism _xManagement |
|
| 650 | 0 | _aTourist trade and state | |
| 655 | 0 | _aElectronic books. | |
| 700 | 1 | _aMiralbell i Izard, Oriol. | |
| 700 | 1 | _aArcarons i Simón, Ramón. | |
| 791 | 2 |
_aDigitalia (Firm), _edistributor. |
|
| 830 | 0 | _aTurismo (Editorial UOC) | |
| 830 | 0 |
_aManuales (Editorial UOC) ; _v159 |
|
| 793 | 0 |
_gDigitalia eBook Collection: _aUniversitat Oberta de Catalunya. |
|
| 856 | 4 | 0 |
_3Digitalia Hispánica _uhttps://www.digitaliapublishing.com/a/20185/ |
| 910 | _aPremium Collection: 2007-2012 | ||
| 942 | _cRAA | ||
| 999 |
_c236814 _d236814 |
||